000
00411nam a22001697a 4500
003
MPLRDC
005
20220104143103.0
008
210129b ||||| |||| 00| 0 eng d
082
_a
229.2 DLLM
100
_a
第五世达赖喇嘛著; 郭和卿译
245
_a
西藏王臣记
_c
250
_a
一版一刷
260
_a
_b
民族出版社
_c
1983
300
_b
平
650
_a
942
_c
BK
_o
229.2 DLLM
999
_c
36499
_d
36489